Catálogo público

Efecto de la adición de curcumina sobre producción de leche y consumo de vacas en pastoreo / (Record no. 220784)

MARC details
000 -CABECERA
campo de control de longitud fija 04098nam a2200349 a 4500
003 - IDENTIFICADOR DEL NÚMERO DE CONTROL
campo de control OSt
005 - FECHA Y HORA DE LA ÚLTIMA TRANSACCIÓN
campo de control 20250815140336.0
007 - CAMPO FIJO DE DESCRIPCIÓN FÍSICA--INFORMACIÓN GENERAL
campo de control de longitud fija cr ||||||a|a|a
008 - DATOS DE LONGITUD FIJA--INFORMACIÓN GENERAL
campo de control de longitud fija 250807s2025 mx a|||fom||| 001 0 spa d
040 ## - FUENTE DE LA CATALOGACIÓN
Normas de descripción rda
100 1# - ENTRADA PRINCIPAL--NOMBRE DE PERSONA
Nombre de persona Ávila Cruz, Saraí
9 (RLIN) 190831
245 10 - MENCIÓN DE TÍTULO
Título Efecto de la adición de curcumina sobre producción de leche y consumo de vacas en pastoreo /
Mención de responsabilidad, etc. por Saraí Avila Cruz; director de tesis Citlali Anais Castro Jaime; secretario Rodolfo Ramírez Valverde; vocal Luis Alberto Miranda Romero; suplente Jorge Luis Castrjón Montelongo; suplente María Magdalena Crosboy Galván.
264 #1 - PRODUCCIÓN, PUBLICACIÓN, DISTRIBUCIÓN, FABRICACIÓN Y COPYRIGHT
Producción, publicación, distribución, fabricación y copyright Chapingo, México :
Nombre del de productor, editor, distribuidor, fabricante El autor,
Fecha de producción, publicación, distribución, fabricación o copyright 2024.
300 ## - DESCRIPCIÓN FÍSICA
Extensión 1 recurso en línea (45páginas):
Otras características físicas cuadros, figuras.
336 ## - TIPO DE CONTENIDO
Fuente rdacontent
Término de tipo de contenido texto
Código de tipo de contenido txt
337 ## - TIPO DE MEDIO
Fuente rdamedia
Nombre/término del tipo de medio computadora
Código del tipo de medio c
338 ## - TIPO DE SOPORTE
Fuente rdacarrier
Nombre/término del tipo de soporte recurso en línea
Código del tipo de soporte cr
502 ## - NOTA DE TESIS
Tipo de título Ingeniero Agrónomo Especialista en Zootecnia
Nombre de la institución que otorga el título Departamento de Enseñanza, Investigación y Servicio en Zootecnia,
Año de obtención del título 2024.
Información miscelánea Licenciatura
504 ## - NOTA DE BIBLIOGRAFÍA, ETC.
Nota de bibliografía, etc. Incluye referencias bibliográficas: páginas 27-37.
520 ## - SUMARIO, ETC.
Sumario, etc. El objetivo fue estimar el efecto de la adición de curcumina como aditivo natural en la dieta de vacas lecheras en pastoreo, sobre el consumo de materia y producción de leche individual. La curcumina posee diferentes atributos que han sido estudiados en la salud humana y en algunos sistemas de producción animal; sin embargo, su empleo en la alimentación de bovinos no ha sido suficientemente estudiado. No obstante, es promisoria por su probable impacto sobre la producción. Tomando en cuenta el resultado que impone el consumo de forraje sobre la productividad de los rumiantes en sistemas pastoriles, se consideró necesario evaluar el efecto de la adición de curcumina sobre las variables consumo y producción individual. El estudio se realizó en el Módulo de Producción de Leche en Pastoreo de la Universidad Autónoma Chapingo; se utilizó un diseño experimental cruzado 2x2 y se evaluaron dos tratamientos, con y sin la inclusión de curcumina, administrada vía oral con cápsulas rellenas con el aditivo (0.224 g d-1 v-1). Las unidades experimentales fueron dos lotes de tres vacas Holstein Neozelandés homogenizados, y el pastoreo fue rotacional intensivo en praderas de Medicago sativa L. y Dactylis glomerata L.; la alimentación incluyó ensilado de maíz y el concentrado. El consumo total de materia seca de las vacas fue determinado por el método de producción fecal con un marcador externo Cr2O3; así mismo, tanto a las heces como a cada uno de los componentes de la dieta total se les determinó cenizas ácido-insolubles; las producciones de leche matutina y vespertina se midieron automáticamente con medidores Alfa Laval®. El análisis estadístico de los datos de consumo se realizó utilizando un modelo lineal mixto con efectos de lote, período y tratamiento como efectos fijos, y como efecto aleatorio se incluyó el efecto de los animales. El consumo de las vacas, estimado con marcadores, fue (21.3 ± 1.79) kg MS día-1 con curcumina y de (19.3 ± 1.79) kg MS día-1 sin curcumina. El análisis de leche se realizó utilizando un modelo lineal mixto con tratamiento, período y lote como efectos fijos, y como efectos aleatorios fueron vaca dentro de lote y día dentro del período. La producción diaria de leche fue de (19 ± 1.3) L d-1 sin curcumina y de (18.9 ± 1.3) L d-1 con curcumina. El nivel de suplemento no afectó la producción de leche (p=0.8411) ni el consumo de forraje (p=0.5351).
650 #4 - PUNTO DE ACCESO ADICIONAL DE MATERIA--TÉRMINO DE MATERIA
Término de materia o nombre geográfico como elemento de entrada Ganado lechero
Subdivisión general Nutrición
-- Suplementos
9 (RLIN) 191047
650 #4 - PUNTO DE ACCESO ADICIONAL DE MATERIA--TÉRMINO DE MATERIA
Término de materia o nombre geográfico como elemento de entrada Ganado lechero
Subdivisión general Alimentación
9 (RLIN) 45238
650 #4 - PUNTO DE ACCESO ADICIONAL DE MATERIA--TÉRMINO DE MATERIA
Término de materia o nombre geográfico como elemento de entrada Leche
Subdivisión general Producción
9 (RLIN) 65400
650 #4 - PUNTO DE ACCESO ADICIONAL DE MATERIA--TÉRMINO DE MATERIA
Término de materia o nombre geográfico como elemento de entrada Leche
Subdivisión general Composición
9 (RLIN) 65363
700 1# - PUNTO DE ACCESO ADICIONAL--NOMBRE DE PERSONA
Nombre de persona Castro Jaime, Citlali Anais
9 (RLIN) 188843
Código de función/relación presidente.
700 1# - PUNTO DE ACCESO ADICIONAL--NOMBRE DE PERSONA
Nombre de persona Ramírez Valverde, Rodolfo
9 (RLIN) 94316
Término indicativo de función/relación secretario.
700 1# - PUNTO DE ACCESO ADICIONAL--NOMBRE DE PERSONA
Nombre de persona Miranda Romero, Luis Alberto
9 (RLIN) 76103
Término indicativo de función/relación vocal.
700 1# - PUNTO DE ACCESO ADICIONAL--NOMBRE DE PERSONA
Nombre de persona Castrellón Montelongo, Jorge Luis
9 (RLIN) 20309
Término indicativo de función/relación suplente.
700 1# - PUNTO DE ACCESO ADICIONAL--NOMBRE DE PERSONA
Nombre de persona Crosby Galván, María Magdalena
Término indicativo de función/relación suplente.
9 (RLIN) 146634
856 ## - LOCALIZACIÓN Y ACCESO ELECTRÓNICOS
Identificador Uniforme del Recurso http://10.13.5.2/tesis/tl/1610165-2_AVILA_CRUZ_SARAI.pdf
Nota pública DESCARGAR PDF
942 ## - ELEMENTOS DE PUNTO DE ACCESO ADICIONAL (KOHA)
Fuente del sistema de clasificación o colocación Clasificación Universidad Autónoma Chapingo
Tipo de ítem Koha Tesis digital
Holdings
Estado de retiro Estado de pérdida Fuente del sistema de clasificación o colocación Estado dañado Restricciones de uso No para préstamo Código de colección Localización permanente Ubicación/localización actual Ubicación en estantería Fecha de adquisición Total de préstamos Signatura topográfica completa Fecha visto por última vez Precio válido a partir de Tipo de ítem Koha
    Clasificación Universidad Autónoma de Chapingo   Préstamo interno   Tesis digitales de Licenciatura Biblioteca Digital Biblioteca Digital En línea 07/08/2025   Tesis digital 07/08/2025 07/08/2025 Tesis digital